Score 0/24 Timer 03:00
2 Plays Today
Band Missing Word % Correct
___ PistolsSex
95.8%
___ KennedysDead
94.7%
Dropkick ___Murphys
76.4%
Butthole ___Surfers
69.6%
___ DistortionSocial
61.4%
The Mighty Mighty ___Bosstones
61.2%
___Hüsker
58.3%
___ BrainsBad
56.7%
Circle ___Jerks
53.4%
Stiff Little ___Fingers
48%
___ XGeneration
44.5%
___ Me!Against
42.2%
Band Missing Word % Correct
Brand ___New
39.5%
Anti-Nowhere ___League
37%
___ 69Sham
36%
X-Ray ___Spex
35%
Cockney ___Rejects
29.3%
Ian Dury & the ___Blockheads
26.3%
___ of BurmaMission
23%
Titus ___Andronicus
22.8%
___ UpstartsAngelic
18.7%
___ and the Test Tube BabiesPeter
18.4%
Pinhead ___Gunpowder
12.3%
___ AloneLeft
7.1%

Today's Daily Dose

Remove Ads.
Support Sporcle.
Get the best of Sporcle when you Go Orange. This ad-free experience offers more features, more stats, and more fun while also helping to support Sporcle. Thank you for becoming a member.

You're not logged in!

Compare scores with friends on all Sporcle quizzes.
OR
Log In

Show Comments

Extras

Top Quizzes Today


Score Distribution

Your Account Isn't Verified!

In order to create a playlist on Sporcle, you need to verify the email address you used during registration. Go to your Sporcle Settings to finish the process.

Report this User

Report this user for behavior that violates our Community Guidelines.

Details: